TV Shows with Dogs Quiz Stats

 Plays Quiz Updated Jul 15, 2017

Support Sporcle.
Go Orange.
Score 0/20 Timer 06:00
2 Plays Today
% Correct
Sherlock
90.5%
Sex and the City
86.8%
Downton Abbey
74.5%
Gilmore Girls
69.6%
Frasier
62%
The X-Files
56.7%
Heroes
55.1%
Grey's Anatomy
54.3%
Bates Motel
48.6%
Lost
47.5%
% Correct
Arrested Development
43.7%
Chicago Fire
43.3%
Person of Interest
40.5%
Veronica Mars
38.3%
Entourage
37.2%
Once Upon a Time
34.1%
American Horror Story: Murder House
28.4%
Star Trek: Enterprise
20.6%
Castle
17.2%
Pushing Daisies
16%

You're not logged in!

Compare scores with friends on all Sporcle quizzes.
OR
Log In
Forgot?

From the Vault

2016-17 NBA Statistical Leaders by Team

by asmusgramhansen

It's clear that some of these teams are carried by just a few players.
Remove Ads.
Support Sporcle.
Get the best of Sporcle when you Go Orange. This ad-free experience offers more features, more stats, and more fun while also helping to support Sporcle. Thank you for becoming a member.

Show Comments

Extras

Top Quizzes Today


Score Distribution

Your Account Isn't Verified!

In order to create a playlist on Sporcle, you need to verify the email address you used during registration. Go to your Sporcle Settings to finish the process.

Report this User

Report this user for behavior that violates our Community Guidelines.

Details: